Demographics in the 2024 US Election - Statistics

General Stats
  • This quiz has been taken 67 times
  • The average score is 17 of 25
Answer Stats
Hint Answer % Correct
Female voters Harris (D)
96%
All voters Trump (R)
96%
Voters aged 65+ Trump (R)
96%
Voters born in the United States Trump (R)
96%
Hispanic female voters Harris (D)
95%
Voters who graduated from college Harris (D)
91%
Voters born in the 1970s Trump (R)
89%
Voters who had been naturalized Harris (D)
88%
Voters who attended college but did not graduate Trump (R)
82%
Voters aged 18-49 Harris (D)
80%
Hispanic voters Harris (D)
79%
Voters aged 50+ Trump (R)
79%
Hispanic male voters Trump (R)
77%
Voters born in the 1940s Trump (R)
77%
Asian voters who had been naturalized Harris (D)
71%
Voters born before 1940 Trump (R)
68%
Male voters aged 18-49 Trump (R)
66%
Hispanic voters without a college degree Trump (R)
61%
Voters aged 30-49 Harris (D)
54%
Voters born in the 1980s Trump (R)
54%
Female voters aged 50+ Harris (D)
36%
White female voters Trump (R)
36%
Suburban voters Harris (D)
32%
Hispanic voters who had been naturalized Trump (R)
29%
Voters born in the 1950s Harris (D)
9%
No matching quizzes found
Score Distribution
Percent of People with Each Score
Percentile by Number Answered
Your Score History
You have not taken this quiz